| 000 -ლიდერი |
| ფიქსირებული სიგრძის საკონტროლო ველი |
00995nam a22002177a 4500 |
| 003 - საკონტროლო ნომრის იდენტიფიკატორი |
| საკონტროლო ველი |
Ge_BSU |
| 005 - ბოლო ოპერაციის თარიღი და დრო |
| საკონტროლო ველი |
20230713145641.0 |
| 008 - ფიქსირებული სიგრძის მონაცემთა ელემენტები - ზოგადი ინფორმაცია |
| ფიქსირებული სიგრძის საკონტროლო ველი |
230713s2005ge xxu||||| |||| 00| 0 geo d |
| 020 ## - წიგნის საერთაშორისო სტანდარტული ნომერი |
| International Standard Book Number |
9994029568 |
| 041 ## - ენის კოდი |
| Language code of text/sound track or separate title |
geo |
| 080 ## - უნივერსალური ათობითი კლასიფიკაციის ინდექსი |
| Universal Decimal Classification number |
929.6(479.22)+271.22(498) გ-16 |
| 100 ## - მთავარი ჩანაწერი - პიროვნების სახელი |
| Personal name |
გაიპარაშვილი, ზურაბ, ავტ |
| 9 (RLIN) |
19304 |
| 245 ## - ცნობა სათაურის შესახებ |
| Title |
ანთიმოზ ივერიელის გერბი / |
| Statement of responsibility, etc |
ზურაბ გაიპარაშვილი, [რედ. ქეთევან პავლიაშვილი]. |
| 264 ## - წარმოების, გამოცემის, დისტრიბუციის და სხვა ცნობები |
| გამოცემის, წარმოების, დისტრიბუციის... ადგილი |
თბილისი : |
| გამოცემის, წარმოების, დისტრიბუციის... სახელწოდება |
საარი, |
| გამოცემის, წარმოების, დისტრიბუციის... თარიღი |
2005. |
| 300 ## - ფიზიკური აღწერა |
| Extent |
56გვ. : |
| Other physical details |
სურ. ; |
| Dimensions |
20 სმ. |
| 504 ## - BIBLIOGRAPHY, ETC. NOTE |
| Bibliography, etc |
ბიბლიოგრ.: გვ. 51-52. |
| 653 ## - INDEX TERM--UNCONTROLLED |
| Uncontrolled term |
ქართული ჰერალდიკა. |
| 653 ## - INDEX TERM--UNCONTROLLED |
| Uncontrolled term |
ანთიმოზ ივერიელი. |
| 700 ## - ADDED ENTRY--PERSONAL NAME |
| Personal name |
პავლიაშვილი, ქეთევან |
| Relator term |
რედაქტორი |
| 9 (RLIN) |
19272 |
| 942 ## - ADDED ENTRY ELEMENTS (KOHA) |
| Source of classification or shelving scheme |
|
| Koha item type |
წიგნი |